[Event "6. Torneo Aficionados Bali - Sub-2300"]
[Site "Benidorm ESP"]
[Date "2007.12.04"]
[Round "5.4"]
[White "Garrido Fernandez, Daniel"]
[Black "Galvan, Jesus"]
[Result "1-0"]
[WhiteElo "2250"]
[BlackElo "2238"]
[PlyCount "65"]
[EventDate "2007.11.30"]
[EventType "swiss"]
[EventRounds "9"]
[EventCountry "ESP"]
[Source "lmi"]
[SourceDate "2007.11.30"]

1. e4 d6 2. d4 Nf6 3. Nc3 c6 4. f4 Qa5 5. Bd3 e5 6. Nf3 Bg4 7. Be3 Nbd7 8. O-O
Be7 9. Qe1 Qc7 10. Qg3 Bxf3 11. Rxf3 exf4 12. Qxf4 Nf8 13. Qg3 Ng6 14. Rf5 h5
15. h3 O-O-O 16. a4 a6 17. a5 Kb8 18. e5 dxe5 19. dxe5 c5 20. Qf2 Nd7 21. Nd5
Bh4 22. Nxc7 Bxf2+ 23. Rxf2 Kxc7 24. e6 Nde5 25. Bxg6 Nxg6 26. Rxf7+ Kc6 27.
Rxg7 Ne5 28. Bf4 Rd5 29. Re1 Nc4 30. Rc7+ Kb5 31. e7 Rf5 32. Rxb7+ Kc6 33. Rb8
1-0

[Event "6. Torneo Aficionados Bali - Sub-2300"]
[Site "Benidorm ESP"]
[Date "2007.12.04"]
[Round "5.9"]
[White "Sanchez Saez, Francisco"]
[Black "Fenollar Jorda, Manuel"]
[Result "0-1"]
[WhiteElo "2163"]
[BlackElo "2236"]
[PlyCount "55"]
[EventDate "2007.11.30"]
[EventType "swiss"]
[EventRounds "9"]
[EventCountry "ESP"]
[Source "lmi"]
[SourceDate "2007.11.30"]

1. e4 d5 2. exd5 Qxd5 3. Nc3 Qa5 4. d4 c6 5. Nf3 Bf5 6. Bc4 e6 7. Bb3 Nf6 8.
Bd2 Nbd7 9. d5 cxd5 10. Nxd5 Qd8 11. Nxf6+ gxf6 12. Qe2 Nc5 13. Rd1 Qb6 14. O-O
Nxb3 15. cxb3 Rd8 16. Be3 Bc5 17. Rxd8+ Kxd8 18. Rd1+ Ke7 19. Bxc5+ Qxc5 20.
Nd4 Bg6 21. h3 Rd8 22. Qe3 Rd5 23. Qc3 Qd6 24. Qc4 Kf8 25. Rd2 a6 26. Qc3 Qf4
27. Nf3 Be4 28. Rxd5 0-1

[Event "6. Torneo Aficionados Bali - Sub-2300"]
[Site "Benidorm ESP"]
[Date "2007.12.04"]
[Round "5.17"]
[White "Minaya, Juan"]
[Black "Garcia Gata, Jorge D"]
[Result "1-0"]
[WhiteElo "2244"]
[BlackElo "2099"]
[PlyCount "49"]
[EventDate "2007.11.30"]
[EventType "swiss"]
[EventRounds "9"]
[EventCountry "ESP"]
[Source "lmi"]
[SourceDate "2007.11.30"]

1. Nf3 c5 2. c4 Nc6 3. Nc3 g6 4. e3 Bg7 5. d4 d6 6. d5 Bxc3+ 7. bxc3 Na5 8. Bd3
f5 9. e4 fxe4 10. Bxe4 Nf6 11. Bd3 O-O 12. h3 e5 13. Ng5 Qe7 14. O-O Nh5 15. g3
Bd7 16. Kg2 Bf5 17. Be2 Rae8 18. Kh2 Nf4 19. gxf4 exf4 20. Ne6 Qh4 21. Bg4 Bxe6
22. Bxe6+ Rxe6 23. dxe6 f3 24. Qd5 Qe7 25. Bg5 1-0

[Event "6. Torneo Aficionados Bali - Sub-2300"]
[Site "Benidorm ESP"]
[Date "2007.12.04"]
[Round "5.22"]
[White "Cantero, Antonio"]
[Black "Pardo Simon, David"]
[Result "1/2-1/2"]
[WhiteElo "2210"]
[BlackElo "2144"]
[PlyCount "20"]
[EventDate "2007.11.30"]
[EventType "swiss"]
[EventRounds "9"]
[EventCountry "ESP"]
[Source "lmi"]
[SourceDate "2007.11.30"]

1. d4 d5 2. Bf4 Nf6 3. c3 c6 4. Nd2 Bf5 5. e3 Nbd7 6. Ngf3 e6 7. h3 h6 8. Ne5
Nxe5 9. Bxe5 Nd7 10. Bg3 c5 1/2-1/2

[Event "6. Torneo Aficionados Bali - Sub-2300"]
[Site "Benidorm ESP"]
[Date "2007.12.04"]
[Round "5.25"]
[White "Corbalan Gomez, Juan Jose"]
[Black "Rocabert Andreu, Guillermo"]
[Result "1/2-1/2"]
[WhiteElo "2154"]
[BlackElo "2226"]
[PlyCount "42"]
[EventDate "2007.11.30"]
[EventType "swiss"]
[EventRounds "9"]
[EventCountry "ESP"]
[Source "lmi"]
[SourceDate "2007.11.30"]

1. e4 Nf6 2. e5 Nd5 3. d4 d6 4. Nf3 g6 5. Bc4 Nb6 6. Bb3 Bg7 7. O-O O-O 8. h3
Nc6 9. exd6 cxd6 10. Re1 Na5 11. Bg5 Re8 12. Qd2 Nxb3 13. axb3 Bf5 14. Nc3 f6
15. Bf4 e5 16. Bg3 a6 17. d5 g5 18. Nh2 Bg6 19. f3 Rc8 20. Bf2 h6 21. Nf1 Qc7
1/2-1/2

[Event "6. Torneo Aficionados Bali - Sub-2300"]
[Site "Benidorm ESP"]
[Date "2007.12.04"]
[Round "5.31"]
[White "Aymerich Rosell, Pablo"]
[Black "Ferrer Roig, Juan"]
[Result "1-0"]
[WhiteElo "2156"]
[BlackElo "2142"]
[PlyCount "82"]
[EventDate "2007.11.30"]
[EventType "swiss"]
[EventRounds "9"]
[EventCountry "ESP"]
[Source "lmi"]
[SourceDate "2007.11.30"]

1. d4 d5 2. c4 e6 3. Nc3 c5 4. cxd5 exd5 5. Nf3 Nc6 6. g3 Nf6 7. Bg2 Bg4 8. Be3
c4 9. Ne5 Be6 10. Qa4 Bb4 11. Nxc6 Bxc3+ 12. bxc3 Qd7 13. O-O O-O 14. Bg5 Qxc6
15. Qc2 Ne4 16. Bf4 Bf5 17. f3 Nxg3 18. e4 Nh5 19. Bd2 Bg6 20. Rae1 Rae8 21.
Qd1 f5 22. exd5 Qxd5 23. f4 Qd7 24. Re5 Nf6 25. Bc1 Ne4 26. Qe2 Rxe5 27. fxe5
Qd5 28. Qe3 Qa5 29. Bxe4 fxe4 30. Rxf8+ Kxf8 31. Qf4+ Ke7 32. Qd2 Qd5 33. Ba3+
Kd7 34. Qg5 Qe6 35. Bd6 Qf7 36. Bb4 b6 37. Qd2 Kc6 38. Qd1 e3 39. Qe2 Bd3 40.
Qg2+ Kb5 41. Bd6 e2 1-0

[Event "6. Torneo Aficionados Bali - Sub-2300"]
[Site "Benidorm ESP"]
[Date "2007.12.04"]
[Round "5.34"]
[White "Bosque Ortega, Xavier"]
[Black "Carrasco Sagredo, Manuel"]
[Result "1-0"]
[WhiteElo "2280"]
[BlackElo "2112"]
[PlyCount "68"]
[EventDate "2007.11.30"]
[EventType "swiss"]
[EventRounds "9"]
[EventCountry "ESP"]
[Source "lmi"]
[SourceDate "2007.11.30"]

1. d4 Nf6 2. Nf3 g6 3. Bf4 Bg7 4. e3 d5 5. h3 c5 6. c3 Qb6 7. Qb3 c4 8. Qxb6
axb6 9. Nbd2 b5 10. a3 Nc6 11. Rc1 O-O 12. Be2 Nd7 13. e4 dxe4 14. Nxe4 e5 15.
dxe5 Ndxe5 16. Nxe5 Nxe5 17. O-O Bd7 18. Bxe5 Bxe5 19. f4 Bg7 20. Nc5 Bc6 21.
Bf3 Rfc8 22. Bxc6 Rxc6 23. Nd7 Re8 24. Rcd1 f6 25. Rd5 Re7 26. Rfd1 Rc7 27. Kf2
Kf7 28. Nb6 Re6 29. Rxb5 Bf8 30. Rd7+ Rxd7 31. Nxd7 Bd6 32. Kf3 Re7 33. Nb6 Rc7
34. Nd5 Rd7 1-0

[Event "6. Torneo Aficionados Bali - Sub-2300"]
[Site "Benidorm ESP"]
[Date "2007.12.04"]
[Round "5.40"]
[White "Sahelices Casado, Roberto"]
[Black "Lopez Gonzalez, Daniel"]
[Result "0-1"]
[WhiteElo "2067"]
[BlackElo "2192"]
[PlyCount "74"]
[EventDate "2007.11.30"]
[EventType "swiss"]
[EventRounds "9"]
[EventCountry "ESP"]
[Source "lmi"]
[SourceDate "2007.11.30"]

1. c4 e6 2. d4 Nf6 3. Nc3 Bb4 4. e3 c5 5. a3 Bxc3+ 6. bxc3 O-O 7. Bd3 Nc6 8.
Nf3 d6 9. d5 Ne7 10. O-O e5 11. Qc2 Re8 12. Nd2 Ng6 13. f4 Qe7 14. f5 Nf8 15.
e4 h6 16. Nf3 N8h7 17. Bd2 Qc7 18. Kh1 Bxf5 19. exf5 e4 20. Nh4 exd3 21. Qxd3
Re4 22. g3 Rae8 23. Rfe1 Rxe1+ 24. Rxe1 Rxe1+ 25. Bxe1 Qe7 26. Nf3 Ng5 27. Bf2
Nge4 28. Kg2 Qd7 29. g4 Nxf2 30. Kxf2 Nxg4+ 31. Kg3 Nf6 32. Nh4 Qe7 33. Nf3 Qd7
34. Qc2 Kf8 35. h3 Qe8 36. Kf4 Nh5+ 37. Kg4 Qe3 0-1

[Event "6. Torneo Aficionados Bali - Sub-2300"]
[Site "Benidorm ESP"]
[Date "2007.12.04"]
[Round "5.44"]
[White "Fernandez Garcia, Ignacio"]
[Black "Sanchez Jerez, Emilio"]
[Result "0-1"]
[WhiteElo "2034"]
[BlackElo "2123"]
[PlyCount "82"]
[EventDate "2007.11.30"]
[EventType "swiss"]
[EventRounds "9"]
[EventCountry "ESP"]
[Source "lmi"]
[SourceDate "2007.11.30"]

1. e4 c5 2. Bc4 Nc6 3. Nf3 g6 4. O-O Bg7 5. c3 Nf6 6. e5 Ng4 7. Bxf7+ Kxf7 8.
Ng5+ Kg8 9. Qxg4 Nxe5 10. Qg3 c4 11. d4 Nd3 12. b3 d5 13. bxc4 dxc4 14. Na3 Qd5
15. Nc2 e5 16. Ne3 Qc6 17. d5 Qc7 18. Ba3 Nf4 19. Kh1 h6 20. Ne4 b5 21. Bd6 Qd8
22. a4 Kh7 23. axb5 Bf5 24. f3 Bxe4 25. fxe4 Qxd6 26. Ra6 Qd7 27. Rxf4 exf4 28.
Qxg6+ Kg8 29. Nf5 Rh7 30. e5 Qf7 31. Qg4 Rf8 32. Rf6 Qe8 33. Rg6 Qxe5 34. Ne7+
Qxe7 35. Re6 Qc5 36. Qf3 Qxb5 37. h3 Qb1+ 38. Kh2 Qd3 39. Qh5 Qg3+ 40. Kh1 f3
41. gxf3 Qxf3+ 0-1

[Event "6. Torneo Aficionados Bali - Sub-2300"]
[Site "Benidorm ESP"]
[Date "2007.12.04"]
[Round "5.49"]
[White "Ribes Peris, Alvaro"]
[Black "Alonso Jimenez, Joan"]
[Result "0-1"]
[WhiteElo "2075"]
[BlackElo "2048"]
[PlyCount "50"]
[EventDate "2007.11.30"]
[EventType "swiss"]
[EventRounds "9"]
[EventCountry "ESP"]
[Source "lmi"]
[SourceDate "2007.11.30"]

1. d4 Nf6 2. c4 c5 3. d5 b5 4. a4 b4 5. Nd2 g6 6. e4 d6 7. f4 Bg7 8. Bd3 O-O 9.
Ngf3 Na6 10. O-O Nh5 11. f5 e6 12. Nb3 e5 13. g4 Nf4 14. g5 f6 15. Bxf4 exf4
16. fxg6 fxg5 17. gxh7+ Kh8 18. Rf2 Bd7 19. Kh1 g4 20. Ne1 Qh4 21. Qc2 Be5 22.
Bf1 f3 23. Nd3 g3 24. Nxe5 dxe5 25. Rd2 f2 0-1

[Event "6. Torneo Aficionados Bali - Sub-2300"]
[Site "Benidorm ESP"]
[Date "2007.12.04"]
[Round "5.54"]
[White "Muelas Cerezuela, Jose"]
[Black "Moreno Garcia, Alfonso"]
[Result "0-1"]
[WhiteElo "2156"]
[BlackElo "2063"]
[PlyCount "61"]
[EventDate "2007.11.30"]
[EventType "swiss"]
[EventRounds "9"]
[EventCountry "ESP"]
[Source "lmi"]
[SourceDate "2007.11.30"]

1. e4 e5 2. Nf3 Nc6 3. Bc4 Bc5 4. c3 Nf6 5. d3 O-O 6. b4 Bd6 7. O-O a6 8. Re1
b5 9. Bb3 Be7 10. Nbd2 d6 11. Nf1 a5 12. bxa5 Nxa5 13. Bc2 c5 14. d4 Qc7 15.
Ne3 g6 16. dxe5 dxe5 17. Nd5 Nxd5 18. exd5 f6 19. Rb1 Rb8 20. Qe2 Bd7 21. Bd3
c4 22. Be4 Bd6 23. Bc2 Nb7 24. Bh6 Rfe8 25. Nh4 e4 26. g3 Nc5 27. f3 Bxg3 28.
Ng2 Bxh2+ 29. Kh1 Bg3 30. Rf1 Re5 31. Bf4 0-1

[Event "6. Torneo Aficionados Bali - Sub-2300"]
[Site "Benidorm ESP"]
[Date "2007.12.05"]
[Round "6.1"]
[White "Hess, Christian Mathias"]
[Black "Taboas Rodriguez, Daniel"]
[Result "0-1"]
[WhiteElo "2283"]
[BlackElo "2288"]
[PlyCount "68"]
[EventDate "2007.11.30"]
[EventType "swiss"]
[EventRounds "9"]
[EventCountry "ESP"]
[Source "lmi"]
[SourceDate "2007.11.30"]

1. Nf3 Nf6 2. c4 g6 3. b4 Bg7 4. Bb2 O-O 5. e3 d6 6. d4 e5 7. Be2 exd4 8. exd4
d5 9. c5 Ne4 10. Nc3 Bg4 11. Nxe4 dxe4 12. Ne5 Bxe2 13. Qxe2 Nc6 14. Qxe4 Nxb4
15. O-O Qd5 16. Qxd5 Nxd5 17. c6 b6 18. a4 a6 19. a5 b5 20. Rac1 Rfe8 21. g3
Rad8 22. Nd7 Re2 23. Ba1 Nb4 24. d5 Nxd5 25. Rfd1 Nb4 26. Kf1 Re6 27. Nc5 Rxd1+
28. Rxd1 Rxc6 29. Rd8+ Bf8 30. Bc3 Nc2 31. Ne4 f5 32. Nf6+ Kf7 33. Bb2 Be7 34.
Rd7 Ke6 0-1

[Event "6. Torneo Aficionados Bali - Sub-2300"]
[Site "Benidorm ESP"]
[Date "2007.12.05"]
[Round "6.2"]
[White "Renteria, Jorge"]
[Black "Garrido Fernandez, Daniel"]
[Result "1/2-1/2"]
[WhiteElo "2233"]
[BlackElo "2250"]
[PlyCount "136"]
[EventDate "2007.11.30"]
[EventType "swiss"]
[EventRounds "9"]
[EventCountry "ESP"]
[Source "lmi"]
[SourceDate "2007.11.30"]

1. e4 c5 2. Nf3 Nc6 3. d4 cxd4 4. Nxd4 g6 5. c4 Bg7 6. Be3 Nf6 7. Nc3 O-O 8.
Be2 d6 9. O-O Bd7 10. f3 Nh5 11. Nc2 f5 12. c5 f4 13. Bf2 dxc5 14. Qd5+ e6 15.
Qxc5 b6 16. Qa3 Qg5 17. Rfd1 Rfd8 18. Qa6 Ne5 19. Kf1 Bf8 20. Nd4 Bc5 21. Bb5
Bc8 22. Qa4 a6 23. Be2 Bd7 24. Qb3 Re8 25. Na4 Rab8 26. Rac1 Nf6 27. Bxa6 Qh5
28. Bg1 Bxa4 29. Qxa4 Ra8 30. Qb5 g5 31. b4 Bxd4 32. Bxd4 Nxf3 33. Bxf6 Nxh2+
34. Kg1 Ng4 35. Qxg5+ Qxg5 36. Bxg5 Rxa6 37. Bxf4 Rxa2 38. Ra1 Rea8 39. Rxa2
Rxa2 40. Bc7 b5 41. Bb6 Kf7 42. Bc5 Kf6 43. Bd4+ Kg5 44. Rf1 Re2 45. Bc5 Rxe4
46. Ra1 Kf4 47. Kf1 Ne3+ 48. Kf2 Ng4+ 49. Kf1 Ne3+ 50. Kf2 Nd5 51. Rh1 Nf6 52.
g3+ Ke5 53. Kf3 Rc4 54. Re1+ Kf5 55. Ra1 Rc3+ 56. Kg2 Ne4 57. Ra5 Rxg3+ 58. Kh2
Kg4 59. Rxb5 Kf3 60. Rb8 Rg2+ 61. Kh3 Rg6 62. Rf8+ Nf6 63. Kh4 Ke4 64. Rf7 h5
65. b5 Rg4+ 66. Kh3 Nd5 67. b6 Rg6 68. Kh4 Nf6 1/2-1/2

[Event "6. Torneo Aficionados Bali - Sub-2300"]
[Site "Benidorm ESP"]
[Date "2007.12.05"]
[Round "6.5"]
[White "Torres Sanchez, Jose"]
[Black "Fidalgo Fernandez, Javier"]
[Result "1-0"]
[WhiteElo "2272"]
[BlackElo "2225"]
[PlyCount "83"]
[EventDate "2007.11.30"]
[EventType "swiss"]
[EventRounds "9"]
[EventCountry "ESP"]
[Source "lmi"]
[SourceDate "2007.11.30"]

1. Nf3 Nf6 2. c4 e6 3. Nc3 d5 4. d4 c6 5. e3 Nbd7 6. Bd3 Bd6 7. O-O dxc4 8.
Bxc4 b5 9. Bd3 Bb7 10. Ne4 Nxe4 11. Bxe4 Qb6 12. b3 Nf6 13. Bd3 c5 14. dxc5
Bxc5 15. Qe2 a6 16. Bb2 O-O 17. a4 bxa4 18. bxa4 Be4 19. Bxe4 Nxe4 20. Rab1 Qd6
21. Rfd1 Qe7 22. Qc2 f5 23. Ne5 Rfd8 24. Rxd8+ Qxd8 25. Rd1 Qh4 26. Rd7 Bf8 27.
g3 Qh6 28. Bd4 Rb8 29. Kg2 Nf6 30. Ra7 Nd5 31. Nd7 Re8 32. Qc6 Be7 33. Nf6+
Nxf6 34. Bxf6 Kf7 35. Be5 g5 36. h3 g4 37. h4 Qg6 38. Rxa6 Rd8 39. Ra7 f4 40.
Bxf4 Rd5 41. Bg5 Qe4+ 42. Kh2 1-0

[Event "6. Torneo Aficionados Bali - Sub-2300"]
[Site "Benidorm ESP"]
[Date "2007.12.05"]
[Round "6.7"]
[White "Bermejo Martinez, Jorge"]
[Black "Pena, Alfredo"]
[Result "1/2-1/2"]
[WhiteElo "2215"]
[BlackElo "2249"]
[PlyCount "47"]
[EventDate "2007.11.30"]
[EventType "swiss"]
[EventRounds "9"]
[EventCountry "ESP"]
[Source "lmi"]
[SourceDate "2007.11.30"]

1. d4 d5 2. c4 c6 3. e3 Nf6 4. Bd3 Nbd7 5. Nf3 e6 6. O-O dxc4 7. Bxc4 c5 8. Nc3
a6 9. a4 Qc7 10. Qe2 cxd4 11. exd4 Be7 12. Re1 Nb6 13. Bb3 Qd8 14. Bg5 O-O 15.
Rad1 Nbd5 16. Ne5 Nxc3 17. bxc3 h6 18. Bh4 Nd5 19. Bxe7 Nxe7 20. c4 Nf5 21. Bc2
Qg5 22. Bxf5 Qxf5 23. c5 Rd8 24. Qb2 1/2-1/2

[Event "6. Torneo Aficionados Bali - Sub-2300"]
[Site "Benidorm ESP"]
[Date "2007.12.05"]
[Round "6.10"]
[White "Khmiadashvili, Tamar"]
[Black "Raut, Cristian"]
[Result "0-1"]
[WhiteElo "2204"]
[BlackElo "2295"]
[PlyCount "53"]
[EventDate "2007.11.30"]
[EventType "swiss"]
[EventRounds "9"]
[EventCountry "ESP"]
[Source "lmi"]
[SourceDate "2007.11.30"]

1. c4 Nf6 2. Nc3 d5 3. cxd5 Nxd5 4. g3 c6 5. Bg2 g6 6. d3 Bg7 7. Nxd5 cxd5 8.
Qb3 e6 9. Nf3 Nc6 10. O-O O-O 11. e4 dxe4 12. dxe4 e5 13. Bg5 Qc7 14. Rac1 Be6
15. Qa3 h6 16. Be3 Rfd8 17. b4 Qd7 18. Rfe1 a5 19. b5 Nd4 20. Qb2 a4 21. b6 a3
22. Qb1 Rac8 23. Nxd4 exd4 24. Bd2 d3 25. e5 Rc2 26. Red1 Rb2 27. Qa1 0-1

[Event "6. Torneo Aficionados Bali - Sub-2300"]
[Site "Benidorm ESP"]
[Date "2007.12.05"]
[Round "6.11"]
[White "Galvan, Jesus"]
[Black "Jimenez Martinez, Jose Vicente"]
[Result "1-0"]
[WhiteElo "2275"]
[BlackElo "2219"]
[PlyCount "67"]
[EventDate "2007.11.30"]
[EventType "swiss"]
[EventRounds "9"]
[EventCountry "ESP"]
[Source "lmi"]
[SourceDate "2007.11.30"]

1. d4 g6 2. c4 Bg7 3. e4 d6 4. Nc3 Nf6 5. f4 O-O 6. Nf3 c5 7. d5 e6 8. Be2 exd5
9. exd5 Na6 10. O-O Nc7 11. a4 Nfe8 12. Bd3 f5 13. Bd2 Nf6 14. Re1 Bd7 15. Nb5
Nce8 16. Ng5 a6 17. Nc3 Ng4 18. Nf3 Nc7 19. a5 Rb8 20. h3 Nf6 21. Na4 h6 22.
Nb6 Be8 23. b4 Ne4 24. Bxe4 fxe4 25. Rxe4 Bxa1 26. Qxa1 Na8 27. bxc5 Nxb6 28.
cxb6 Rc8 29. Bc3 Qd7 30. Qd1 Kh7 31. Qd4 Rg8 32. Qf6 Rg7 33. Qf8 Qf7 34. Qxd6
1-0

[Event "6. Torneo Aficionados Bali - Sub-2300"]
[Site "Benidorm ESP"]
[Date "2007.12.05"]
[Round "6.14"]
[White "Lacrosse, Marc"]
[Black "Aymerich Rosell, Pablo"]
[Result "1-0"]
[WhiteElo "2254"]
[BlackElo "2202"]
[PlyCount "61"]
[EventDate "2007.11.30"]
[EventType "swiss"]
[EventRounds "9"]
[EventCountry "ESP"]
[Source "lmi"]
[SourceDate "2007.11.30"]

1. d4 d5 2. c4 c6 3. Nf3 Nf6 4. Nc3 a6 5. cxd5 cxd5 6. Bf4 Nc6 7. Rc1 Bf5 8. e3
e6 9. Qb3 Bd6 10. Qxb7 Na5 11. Qxa8 Qxa8 12. Bxd6 Nc4 13. Bxc4 dxc4 14. O-O h5
15. Ne5 h4 16. h3 Rh5 17. f3 Rg5 18. Kh2 Qd8 19. Bc5 Qc7 20. f4 Rg3 21. Nxc4
Ne4 22. Nxe4 Bxe4 23. Rf2 Ba8 24. Nd6+ Kd7 25. Nxf7 Qb7 26. Ne5+ Ke8 27. Nf3
Qe4 28. Rc3 Bd5 29. Bd6 Qh7 30. Ng5 Qf5 31. Rfc2 1-0

[Event "6. Torneo Aficionados Bali - Sub-2300"]
[Site "Benidorm ESP"]
[Date "2007.12.05"]
[Round "6.22"]
[White "Pardo Simon, David"]
[Black "Garcia Moral Garcia, Jose Daniel"]
[Result "0-1"]
[WhiteElo "2173"]
[BlackElo "2261"]
[PlyCount "76"]
[EventDate "2007.11.30"]
[EventType "swiss"]
[EventRounds "9"]
[EventCountry "ESP"]
[Source "lmi"]
[SourceDate "2007.11.30"]

1. e4 c5 2. Nc3 d6 3. f4 Nc6 4. Bb5 Bd7 5. Nf3 e6 6. O-O a6 7. Bxc6 Bxc6 8. d4
cxd4 9. Nxd4 Qc7 10. Nxc6 Qxc6 11. f5 Nf6 12. Qd3 Be7 13. Qg3 Rg8 14. Re1 O-O-O
15. fxe6 fxe6 16. Qh3 Qd7 17. Be3 g5 18. Bb6 g4 19. Qd3 Rdf8 20. Bf2 g3 21.
Bxg3 Nh5 22. Ne2 Nxg3 23. Nxg3 Bf6 24. c3 Be5 25. Ne2 Rg6 26. Rf1 Rfg8 27. g3
Qc6 28. Rf7 Rg4 29. Rxh7 Rxe4 30. Rf1 Qc5+ 31. Kg2 Re3 32. Qd2 Qc6+ 33. Kg1 Qe4
34. Rff7 d5 35. Nd4 Bxg3 36. hxg3 Rexg3+ 37. Kh2 Rg2+ 38. Kh3 Qg4# 0-1

[Event "6. Torneo Aficionados Bali - Sub-2300"]
[Site "Benidorm ESP"]
[Date "2007.12.05"]
[Round "6.24"]
[White "Hristodorescu, Daniel"]
[Black "Plaza Pardo, Daniel"]
[Result "0-1"]
[WhiteElo "2260"]
[BlackElo "2173"]
[PlyCount "42"]
[EventDate "2007.11.30"]
[EventType "swiss"]
[EventRounds "9"]
[EventCountry "ESP"]
[Source "lmi"]
[SourceDate "2007.11.30"]

1. e4 c5 2. Nf3 Nc6 3. Bb5 e6 4. Bxc6 bxc6 5. O-O Ne7 6. b3 Ng6 7. Bb2 f6 8. c3
Be7 9. d4 cxd4 10. cxd4 d5 11. Nc3 O-O 12. Re1 Bd6 13. Rc1 Ba6 14. Na4 Nf4 15.
Rxc6 Bb7 16. Rxd6 Qxd6 17. e5 Qe7 18. Nc5 Bc8 19. a4 a5 20. Qd2 fxe5 21. Nxe5
Qg5 0-1

[Event "6. Torneo Aficionados Bali - Sub-2300"]
[Site "Benidorm ESP"]
[Date "2007.12.05"]
[Round "6.25"]
[White "Jordan Martinez, David"]
[Black "Carrascoso Morales, Abel"]
[Result "1/2-1/2"]
[WhiteElo "2146"]
[BlackElo "2248"]
[PlyCount "61"]
[EventDate "2007.11.30"]
[EventType "swiss"]
[EventRounds "9"]
[EventCountry "ESP"]
[Source "lmi"]
[SourceDate "2007.11.30"]

1. e4 e5 2. Nf3 Nc6 3. Bc4 Be7 4. d4 exd4 5. Nxd4 Nf6 6. Nc3 O-O 7. O-O d6 8.
h3 Nxd4 9. Qxd4 Nd7 10. Nd5 Bh4 11. Be3 c6 12. Nc3 Nb6 13. Be2 Bf6 14. Qd3 Be6
15. Bd4 Bc4 16. Qd2 Bxe2 17. Nxe2 Re8 18. Ng3 Nc4 19. Qc3 Ne5 20. Nh5 c5 21.
Nxf6+ Qxf6 22. Bxe5 Qxe5 23. Qxe5 Rxe5 24. Rad1 Rd8 25. Rfe1 Kf8 26. f4 Re6 27.
e5 Rde8 28. Kf2 dxe5 29. fxe5 Rxe5 30. Rxe5 Rxe5 31. Rd7 1/2-1/2

[Event "6. Torneo Aficionados Bali - Sub-2300"]
[Site "Benidorm ESP"]
[Date "2007.12.05"]
[Round "6.31"]
[White "Torres Samper, Rafael"]
[Black "Sanchez Saez, Francisco"]
[Result "0-1"]
[WhiteElo "2099"]
[BlackElo "2219"]
[PlyCount "30"]
[EventDate "2007.11.30"]
[EventType "swiss"]
[EventRounds "9"]
[EventCountry "ESP"]
[Source "lmi"]
[SourceDate "2007.11.30"]

1. e4 c5 2. Nf3 d6 3. d4 cxd4 4. Qxd4 a6 5. Bg5 Nc6 6. Qd2 Bg4 7. Nc3 Bxf3 8.
gxf3 g6 9. O-O-O Bg7 10. h4 Rc8 11. Bh3 Rb8 12. Rhe1 Qa5 13. e5 Nxe5 14. f4 Nc4
15. Qe2 Qb4 0-1

[Event "6. Torneo Aficionados Bali - Sub-2300"]
[Site "Benidorm ESP"]
[Date "2007.12.05"]
[Round "6.33"]
[White "Murcia Paredes, Angel"]
[Black "Corbalan Gomez, Juan Jose"]
[Result "1-0"]
[WhiteElo "2204"]
[BlackElo "2144"]
[PlyCount "65"]
[EventDate "2007.11.30"]
[EventType "swiss"]
[EventRounds "9"]
[EventCountry "ESP"]
[Source "lmi"]
[SourceDate "2007.11.30"]

1. e4 c5 2. Nf3 Nc6 3. d4 cxd4 4. Nxd4 g6 5. Nc3 Bg7 6. Be3 Nf6 7. Bc4 O-O 8.
O-O Nxe4 9. Nxe4 d5 10. Nxc6 bxc6 11. Bd3 dxe4 12. Bxe4 Qc7 13. c3 Ba6 14. Re1
f5 15. Bf3 Rab8 16. Bc5 Rfd8 17. Qa4 Bb5 18. Qb3+ Kf8 19. Rxe7 Qxe7 20. Bxe7+
Kxe7 21. Qa3+ Kf7 22. Qxa7+ Kg8 23. a4 Ra8 24. Qc7 Rac8 25. Qf4 Ba6 26. h4 Re8
27. Qd6 Be5 28. Qd7 Bc4 29. a5 Be6 30. Qb7 Rc7 31. Qb6 Ree7 32. a6 Ra7 33. Bxc6
1-0

[Event "6. Torneo Aficionados Bali - Sub-2300"]
[Site "Benidorm ESP"]
[Date "2007.12.05"]
[Round "6.34"]
[White "Ferrer Roig, Juan"]
[Black "Tscharotschkin, Michael"]
[Result "1/2-1/2"]
[WhiteElo "2130"]
[BlackElo "2290"]
[PlyCount "38"]
[EventDate "2007.11.30"]
[EventType "swiss"]
[EventRounds "9"]
[EventCountry "ESP"]
[Source "lmi"]
[SourceDate "2007.11.30"]

1. e4 e6 2. d4 d5 3. Nc3 dxe4 4. Nxe4 Bd7 5. Nf3 Bc6 6. Bd3 Nd7 7. Qe2 Be7 8.
O-O Ngf6 9. Nxf6+ Bxf6 10. c3 O-O 11. Bf4 g6 12. Rfe1 Bxf3 13. Qxf3 c6 14. Rad1
Re8 15. Bc2 Qb6 16. Re2 Bg7 17. Rde1 a5 18. Kh1 Qb5 19. a4 Qd5 1/2-1/2

[Event "6. Torneo Aficionados Bali - Sub-2300"]
[Site "Benidorm ESP"]
[Date "2007.12.05"]
[Round "6.37"]
[White "Blanco Gutierrez, Pedro"]
[Black "Abdulla, A S."]
[Result "1/2-1/2"]
[WhiteElo "2115"]
[BlackElo "2233"]
[PlyCount "34"]
[EventDate "2007.11.30"]
[EventType "swiss"]
[EventRounds "9"]
[EventCountry "ESP"]
[Source "lmi"]
[SourceDate "2007.11.30"]

1. d4 d5 2. Bg5 c5 3. dxc5 Qa5+ 4. Nc3 e6 5. e4 h6 6. Be3 dxe4 7. Qd2 Nf6 8.
Rd1 Be7 9. a3 Nbd7 10. b4 Qd8 11. Bb5 a6 12. Ba4 O-O 13. Bxd7 Bxd7 14. Nxe4 Bc6
15. Nxf6+ Bxf6 16. Nf3 Qxd2+ 17. Bxd2 Be4 1/2-1/2

[Event "6. Torneo Aficionados Bali - Sub-2300"]
[Site "Benidorm ESP"]
[Date "2007.12.05"]
[Round "6.46"]
[White "Martin Martin, Luis Vicente"]
[Black "Cano Gimenez, Vicente"]
[Result "1/2-1/2"]
[WhiteElo "2089"]
[BlackElo "2204"]
[PlyCount "43"]
[EventDate "2007.11.30"]
[EventType "swiss"]
[EventRounds "9"]
[EventCountry "ESP"]
[Source "lmi"]
[SourceDate "2007.11.30"]

1. d4 Nf6 2. Nf3 e6 3. Bf4 b6 4. e3 Bb7 5. Nbd2 Be7 6. Bd3 c5 7. c3 Nc6 8. h3
d5 9. O-O O-O 10. Ne5 Nxe5 11. Bxe5 Ne4 12. Qc2 f5 13. f3 Nxd2 14. Qxd2 Qd7 15.
Qe2 Bc6 16. e4 cxd4 17. exf5 dxc3 18. fxe6 Qxe6 19. bxc3 Bf6 20. f4 Rae8 21.
Qh5 g6 22. Bxg6 1/2-1/2

[Event "6. Torneo Aficionados Bali - Sub-2300"]
[Site "Benidorm ESP"]
[Date "2007.12.05"]
[Round "6.48"]
[White "Siegmund, Rainer"]
[Black "Hostalet Ferrer, Pedro"]
[Result "1/2-1/2"]
[WhiteElo "2187"]
[BlackElo "2092"]
[PlyCount "36"]
[EventDate "2007.11.30"]
[EventType "swiss"]
[EventRounds "9"]
[EventCountry "ESP"]
[Source "lmi"]
[SourceDate "2007.11.30"]

1. d4 d5 2. c4 dxc4 3. Nf3 Nf6 4. e3 e6 5. Bxc4 c5 6. O-O a6 7. Qe2 b5 8. Bb3
Bb7 9. Rd1 Nbd7 10. dxc5 Bxc5 11. Nc3 O-O 12. h3 Qc7 13. Bd2 Rac8 14. Rac1 Qb8
15. a3 b4 16. axb4 Bxb4 17. Bc2 Bxc3 18. Bxc3 Ne4 1/2-1/2